00233 a2200109 4500001000700000020000600007040001100013100002300024240003600047245003100083362000900114176773 a  cMagnum aDias, Edna Cardozo10aO liberticidio dos animaislpor10aO liberticidio dos animais0 a1899